000 00915cam#a2200313 a 4500
001 59206
003 CO-BoRNBP
005 20250918213400.0
007 ta
008 051121s2005 ck a gr 000 f spakd
020 _a9588061814
040 _aCO-ArBCA
_bspa
_dCO-BoBN
_c.
082 0 4 _a853.92
_223
084 _a.
092 _aAzul F732m
100 1 _aFrabetti, Carlo,
_d1945-
_935452
245 1 0 _aMalditas matemáticas /
_cCarlo Frabetti ; ilustraciones de Joaquín Marín
250 _a1a. edición
300 _a131 p. :
_bil.
336 _2rdacontent
_atexto
_btxt
337 _2rdamedia
_asin mediación
_bn
338 _2rdacarrier
_avolumen
_bnc
490 0 _aAlfaguara Juvenil . Serie Azul
521 _aDesde 12 años
650 1 4 _aMatemáticas
_vNovela
_2LEMB
_965008
650 2 4 _aNovela juvenil italiana
_ySiglo XXI
_2LEMB
_965009
700 1 _aMarín, Joaquín,
_eil.
_965010
942 _2ddc
_cBK
999 _c59206
_d59206